[Event "St Petersburg Summer op"]
[Site "St Petersburg"]
[Date "2017.08.21"]
[Round "6"]
[White "Geivondian, Arman"]
[Black "Trishkin, Mikhail"]
[Result "1-0"]
[WhiteElo "2382"]
[BlackElo "1521"]
[PlyCount "103"]
[EventDate "2017.08.16"]
[EventType "swiss"]
[EventRounds "9"]
[EventCountry "RUS"]
[SourceTitle "CBM 180 Extra"]
[Source "ChessBase"]
[SourceDate "2017.10.06"]
[SourceVersion "1"]
[SourceVersionDate "2017.10.06"]
[SourceQuality "1"]

1. d4 d5 2. c4 e6 3. Nc3 Be7 4. cxd5 exd5 5. Nf3 Nf6 6. Bg5 h6 7. Bh4 0-0 8. Qc2 c6 9. e3 Nbd7 10. Bd3 Re8 11. 0-0 b6 12. Rad1 Bb7 13. Rfe1 c5 14. dxc5 bxc5 15. Bb5 g5 16. Bg3 a6 17. Ba4 Bf8 18. Qf5 Re6 19. h4 g4 20. Bxd7 Qxd7 21. Ne5 Qe7 22. h5 Bg7 23. Nxg4 d4 24. Nxf6+ Rxf6 25. Nd5 Bxd5 26. Qxd5 Rd8 27. Qc4 dxe3 28. Rxd8+ Qxd8 29. fxe3 Qd2 30. Qe2 Qxe2 31. Rxe2 Rf5 32. b3 Rxh5 33. Rd2 Rg5 34. Rd8+ Kh7 35. Bf4 Rg6 36. Rc8 Re6 37. Rxc5 Kg6 38. Kf2 Bf6 39. Kf3 Bg5 40. Bxg5 hxg5 41. g4 Kf6 42. b4 Rb6 43. a3 Kg6 44. e4 f6 45. Ke3 Kh6 46. Kd4 Rd6+ 47. Rd5 Rc6 48. a4 Rb6 49. Kc5 Re6 50. b5 axb5 51. axb5 Rxe4 52. b6 1-0

[Event "St Petersburg Summer op"]
[Site "St Petersburg"]
[Date "2017.08.19"]
[Round "4"]
[White "Svidinsky, Dmitry"]
[Black "Trishkin, Mikhail"]
[Result "1-0"]
[WhiteElo "2086"]
[BlackElo "1521"]
[PlyCount "49"]
[EventDate "2017.08.16"]
[EventType "swiss"]
[EventRounds "9"]
[EventCountry "RUS"]
[SourceTitle "CBM 180 Extra"]
[Source "ChessBase"]
[SourceDate "2017.10.06"]
[SourceVersion "1"]
[SourceVersionDate "2017.10.06"]
[SourceQuality "1"]

1. d4 d5 2. c4 e6 3. Nf3 Be7 4. g3 Nf6 5. Bg2 0-0 6. 0-0 b6 7. Ne5 Bb7 8. cxd5 Bxd5 9. f3 c5 10. e4 Bb7 11. Be3 cxd4 12. Bxd4 Nc6 13. Nxc6 Bxc6 14. Nc3 Qc7 15. Be3 Rfd8 16. Qb3 Nd7 17. Rfd1 Nc5 18. Qc4 Rac8 19. Rxd8+ Rxd8 20. Bf1 Bb7 21. Rc1 Ba6 22. Nb5 Qd7 23. a4 Bf6 24. Qc2 Rc8 25. b4 1-0